| 000 | 00734nam a2200241 i 4500 | ||
|---|---|---|---|
| 001 | 16148 | ||
| 003 | ES-MaACL | ||
| 005 | 20230906151244.0 | ||
| 007 | t| | ||
| 008 | 000705s1985 mx |||| | spa d | ||
| 020 | _a968-16-0515-2 | ||
| 080 | _a39(091) | ||
| 100 | 1 |
_aLowie, Robert H. _974386 |
|
| 245 | 1 | 0 |
_aHistoria de la etnología / _cRobert H. Lowie. |
| 250 | _a1ª ed. en español, 3ª reimp. | ||
| 260 |
_aMéxico : _bFondo de Cultura Económica, _c1985. |
||
| 300 |
_a358 p. ; _c21 cm. |
||
| 490 | 1 | _aSección de obras de antropología | |
| 650 | 4 |
_aAntropología cultural y social- _vHistoria. _99877 |
|
| 830 | 0 |
_aSección de obras de antropología _9179904 |
|
| 852 |
_aES-MaACL _jL-23416 |
||
| 999 |
_c16148 _d16148 |
||